000 00889nmm a2200301 a 4500
001 ocm0001916617
003 TR-IsHL
005 20201028173120.0
008 180905s2018 tu tur
007 cr cn
020 _a9789752475717
035 _a1916617
_b(N$T)
050 0 4 _aMT50
_b.K37 2018
090 0 4 _aMT50
_b.K37 2018
100 1 _aKarabey, Mert
245 1 0 _a50 modal dikte
_h[electronic resource] /
_cMert Karabey ; editör İsmail Sezen
260 _aKonya :
_bEğitim Yayınevi,
_c2018
300 _a28 p.
650 4 _aMüzik
650 4 _aMusic
650 0 _aMüzik (Armoni)
650 0 _aMusica (Harmonia)
650 0 _aArmoni
650 0 _aHarmony
650 7 _aMUSIC / Instruction & Study / Exercises
_2bisacsh
700 1 _aSezen, İsmail
856 4 0 _uhttp://search.ebscohost.com/login.aspx?direct=true&scope=site&db=e011xww&AN=1916617
999 _c17537
_d17537